Pierre, Paul ou Jacques ? #3 - Statistiques

Statistiques générales
  • Ce quiz a été pris 215 fois
  • Le résultat moyen est 12 sur 15
Statistiques - réponses
Question Réponse % Correct
Chirac, homme politique ? Jacques
100%
Niney, acteur ? Pierre
99%
Ménès, journaliste ? Pierre
93%
Dutronc, chanteur ? Jacques
91%
Newman, acteur ? Paul
91%
Croce, youtubeur ? Pierre
90%
Garnier, chanteur ? Pierre
88%
Richard, acteur ? Pierre
80%
Ricard, homme d'affaire ? Paul
74%
Bocuse, cuisinier ? Paul
72%
Claudel, dramaturge ? Paul
68%
Deschanel, homme politique ? Paul
57%
Perret, chanteur ? Pierre
54%
Anquetil, cycliste ? Jacques
52%
Santini, footballeur puis entraineur ? Jacques
46%
Aucun quiz correspondant
Distribution des résultats
% des personnes avec chaque résultat
Percentile par nombre de réponses
Votre historique - résultats
Vous n’avez pas pris ce quiz